000 00898cam a2200289 a 4500
999 _c2149
_d2149
003 OSt
005 20210707062548.0
008 900305s1990 enkaf b 001 0 eng c
020 _a0723621837 (pbk.)
020 _a0723621950 (Butterworth International ed.)
040 _cDLC
050 1 0 _aRE48
_b.S32 1990
060 _aWW 140 S217e
100 2 _aSandford-Smith, John.
245 1 0 _aEye diseases in hot climates /
_cJohn Sandford-Smith.
250 _a2nd ed.
260 _aLondon ;
_aBoston :
_bWright,
_c1990.
300 _aix, 241 p., 23 p. of plates :
_bill. (some col.) ;
_c24 cm.
504 _aIncludes bibliographical references and index.
650 0 _aEye
_xDiseases.
650 0 _aTropical medicine.
650 2 _aEye Diseases.
650 2 _aTropical Climate.
906 _a7
_bcbc
_corignew
_d1
_eocip
_f19
_gy-gencatlg
942 _2lcc
_cBK
_nMM